Iconic NASCAR commentary Quiz - Statistics

General Stats
  • This quiz has been taken 390 times
  • The average score is 10 of 17
Answer Stats
Phrase Answer % Correct
The ________ is out, race is over. NASCAR will use scoring loops and video tape. Caution
83%
Using lessons learned from his _______ Father
81%
_______ flag back in the air Green
81%
Marcos Ambrose is going to win at _______ _______ Watkins Glen
80%
Aggressive goes _______ Around
77%
Brad Keselowski won ____ _______ This Race
77%
Whoah ______ at this Look
73%
David Ragan may gets the win at ___________ Talladega
65%
Big Crash, here they come, Checkered Flag, ____________! Harvick
62%
Cinderella ______ is going to win the Daytona 500 Bayne
57%
Kenseth cleared by Logano, maybe no! Kenseth _____ ____ ____ Takes Him Out
57%
They touch, they touch! ____________! Craven
52%
Truex has spent his career battling through ______ Adversity
43%
His family with such a long racing tradition at Indianapolis, they'll ______ ____ ______ together now! Kiss the bricks
36%
That's _________ Incredible
20%
Tri Oval! Sprint to the finish! ___ _______ wins it at Talledega Brad Keselowski
12%
________ on the racetrack Problems
5%
No matching quizzes found
Score Distribution
Percent of People with Each Score
Percentile by Number Answered
Your Score History
You have not taken this quiz